The glorious Qur'an / (Record no. 7020)
[ view plain ]
| 000 -LEADER | |
|---|---|
| fixed length control field | 00548nam a2200157 4500 |
| 008 - FIXED-LENGTH DATA ELEMENTS--GENERAL INFORMATION | |
| fixed length control field | 020613s1991 enk engYA |
| 090 #0 - LOCALLY ASSIGNED LC-TYPE CALL NUMBER (OCLC); LOCAL CALL NUMBER (OCLC) | |
| Classification number (OCLC) (R) ; Classification number, CALL (RLIN) (NR) | 297.122 |
| Local cutter number (OCLC) ; Book number/undivided call number, CALL (RLIN) | K84 |
| 110 2# - MAIN ENTRY--CORPORATE NAME | |
| Corporate name or jurisdiction name as entry element | Koran. English-Arabic. Ali. 1991. |
| 245 10 - TITLE STATEMENT | |
| Title | The glorious Qur'an / |
| Statement of responsibility, etc | translated by Abdullah Yousuf Ali; transliteration by M. S. Tajar. |
| 260 ## - PUBLICATION, DISTRIBUTION, ETC. (IMPRINT) | |
| Place of publication, distribution, etc | Manila : |
| Name of publisher, distributor, etc | Iranian Muslim Students' Association, |
| Date of publication, distribution, etc | c1991. |
| 300 ## - PHYSICAL DESCRIPTION | |
| Extent | 774 p. |
| 650 #4 - SUBJECT ADDED ENTRY--TOPICAL TERM | |
| Topical term or geographic name as entry element | Koran. |
| 700 1# - ADDED ENTRY--PERSONAL NAME | |
| Personal name | Ali, Abdullah Yousuf |
| 700 1# - ADDED ENTRY--PERSONAL NAME | |
| Personal name | Tajar, M. S. |
| 951 ## - EQUIVALENCE OR CROSS-REFERENCE-GEOGRAPHIC NAME/AREA NAME [OBSOLETE] [CAN/MARC only] | |
| -- | 14843 |
| -- | 297.122/K84 |
| -- | 070613111110328 |
| -- | 2000-12-21 |
| -- | FIL-REF |
| Withdrawn status | Lost status | Damaged status | Not for loan | Home library | Current library | Shelving location | Date acquired | Accession number | Shelving control number | Total Checkouts | Full call number | Date last seen | Price effective from | Koha item type |
|---|---|---|---|---|---|---|---|---|---|---|---|---|---|---|
| BSOP Library | BSOP Library | Filipiniana Reference | 12/21/2000 | 14843 | 127 | 297.122/K84 | 02/23/2013 | 02/23/2013 | Books |
